000 00720nam a2200193Ia 4500
003 IN-BaIIA
008 211028s9999 xx 000 0 eng d
040 _cIIA Library
080 _a52(083)
_bREI
100 _aReio, J. F. M.
_9887
245 0 _aChronological tables,containing corresponding dates of different areas used in the provinces of Bengal, Bihar, Orissa and Beharas and the coded and conquered provinces
_cJ. F. M. Reio
260 _aCalcutta
_bThacker Spink
_c1835
300 _aviii,162
650 _aAstronomy and Astrophysics Thesaurus
650 _aChronological Tables
_9888
650 _aEphemeris
_9889
650 _aIndian Ephemeris
_9890
942 _cBK
999 _c393
_d393